Statistics for Most Liberal Counties in Colorado

Click here to take the quiz!

General Stats

  • This quiz has been taken 131 times
    (130 since last reset)
  • The average score is 8 of 15

Answer Stats

#AnswerAvg. Margin% Correct
1Denver50.3%
97%
2Boulder43.5%
91%
13 (tie)Arapahoe9.3%
66%
13 (tie)Adams9.3%
61%
9Eagle17.2%
59%
6Summit26.2%
57%
4Pitkin41.9%
55%
11Routt16.0%
42%
7Gunnison19.8%
41%
10Lake17.1%
39%
12San Juan13.4%
37%
15La Plata9.0%
32%
3San Miguel43.4%
32%
5Costilla37.4%
25%
8Saguache19.0%
21%

Score Distribution

Percentile by Number Answered

Percent of People with Each Score

Your Score History

You have not taken this quiz since the last reset